Diplomatarium Comitatus Sarosiensis

Bibliographic Details
Main Author: Wagner, Karol, 1732-1790 (Author)
Other Authors: Landerer, Ján Michal, 1726-1795 (Printer)
Format: Book
Language:Latin
PhysicalDescription:[8], 575, [17] s. 24 cm
Published: Posonii & Cassoviae Svmptibus Joannis Michaelis Landerer, Typographi & Bibliopolae M. DCC. LXXX. [=1780]
Subjects:

MARC

LEADER 00000cam a2200000 a 4500
001 vtls001281154
003 SK-MaSNL
005 20260302032541.0
008 240226s1780 xo a lat
015 |a SNBHFA 
035 |a SNK000232566 
035 |a 6BB04A4C-3072-4E63-BC95-769658C5E69A 
035 |a urn:nbn:sk:snk-am00ijoz 
040 |a SNKHFA  |b slo  |c SNKHFA  |e AACR2 
041 0 |a lat 
044 |a xo  |c SK 
072 7 |a 323  |x Vnútropolitický vývoj, politický život  |2 konspekt 
080 |a 323  |2 2011 
100 1 |a Wagner, Karol,  |d 1732-1790  |4 aut  |9 106423 
245 1 0 |a Diplomatarium Comitatus Sarosiensis  |c Quod Ex Tabulariis Et Codicibus Manuscriptis Eruit Carolus Wagner Hungarus Zborovienses Bibliothecae Universitatis Regiae Budensis Custos 
260 |a Posonii & Cassoviae  |b Svmptibus Joannis Michaelis Landerer, Typographi & Bibliopolae  |c M. DCC. LXXX. [=1780] 
300 |a [8], 575, [17] s.  |c 24 cm 
500 |a Titulná strana s drevorezom. Vlysy. Vinety. Ozdobné iniciály. Ozdobné linky. Zložky. Kustody 
504 |a Úvod. Živé záhlavie. Poznámky pod textom. Register 
650 0 7 |a vnútorná politika  |2 SNKPH  |9 970 
700 1 |a Landerer, Ján Michal,  |d 1726-1795  |4 pbl  |4 prt  |9 158270 
752 |a Slovensko  |d Bratislava 
752 |a Slovensko  |d Košice 
852 |a Slovenská národná knižnica  |b Historické fondy 
852 |a snk  |p SC 2058 
958 |a ONDV 
958 |a DD 
999 |c 1057230  |d 1059160 
952 |a SNK  |b SNK  |y PREZ  |7 0  |p 17A0126796  |o snkSC 2058  |i snk3010/36  |0 0  |1 0  |4 0  |d 1998-02-24  |f 1  |l 0  |r 2025-06-11 00:00:00  |w 2026-02-24 
952 |a SNK  |b SNK  |y PREZ  |7 0  |p 17A0889297  |o snkSC 2058 D1  |i snkKSF 2018/58  |8 5  |0 0  |1 0  |4 0  |d 2001-12-11  |l 0  |r 2005-01-02 00:00:00  |w 2026-02-24 
952 |a SNK  |b SNK  |y PREZ  |7 0  |p 17A1398701  |o snkSC 2058 D4  |i snkF 3557/67  |8 5  |0 0  |1 0  |4 0  |d 2002-01-22  |l 0  |r 2005-01-02 00:00:00  |w 2026-02-24 
952 |a SNK  |b SNK  |y PREZ  |7 0  |p 17A1398702  |o snkSC 2058 D5  |i snkF 2380/82  |8 5  |0 0  |1 0  |4 0  |d 2004-04-13  |l 0  |r 2005-01-02 00:00:00  |w 2026-02-24 
952 |a SNK  |b SNK  |y PREZ  |7 0  |p 17A1398699  |o snkSC 2058 D2  |i snkF 1312/67  |8 5  |0 0  |1 0  |4 0  |d 2021-11-23  |l 0  |r 2026-02-24 15:15:37  |w 2026-02-24 
952 |a SNK  |b SNK  |y PREZ  |7 0  |p 17A1398700  |o snkSC 2058 D3  |i snkF 3318/67  |8 5  |0 0  |1 0  |4 0  |d 2021-11-23  |l 0  |r 2026-02-24 15:15:37  |w 2026-02-24